Proposta : Viu el Parc : el Montseny : del juliol al novembre de ... Viu el Parc :
Publicado:
[Barcelona] :
Diputació Barcelona. Xarxa de Municipis : Diputació de Girona : Parc Natural del Montseny : Gerència Fusic ,
2006
Descripción Física:
il. col. ; 30 cm
Otros Autores:
Girona. Diputació
MARC
| LEADER | 00000nam a2200000Ia 4500 | ||
|---|---|---|---|
| 001 | 21027 | ||
| 008 | 160829s2006- xx 000 0 cat d | ||
| 080 | |a C-3-146 | ||
| 245 | |a Proposta : |b Viu el Parc : |b el Montseny : |b del juliol al novembre de ... | ||
| 260 | |a [Barcelona] : |b Diputació Barcelona. Xarxa de Municipis : |b Diputació de Girona : |b Parc Natural del Montseny : |b Gerència Fusic, |c 2006- | ||
| 300 | |a il. col. ; |c 30 cm | ||
| 610 | 0 | |a Parc Natural del Montseny (Catalunya) |9 10461 | |
| 610 | 0 | |a Parc Natural del Montseny (Catalunya) |x Activitats culturals |9 53382 | |
| 700 | |a Girona. Diputació | ||
| 710 | 1 | |a Barcelona (Catalunya : Província). |b Diputació |9 52408 | |
| 866 | |a 2006 (14a ed.) | ||
| 901 | |a Arxiu | ||
| 942 | |n 1 | ||
| 952 | |0 0 |1 0 |4 0 |6 C3146 |7 1 |9 51584 |a Arxiu |b Arxiu |d 2016-12-01 |l 0 |o C-3-146 |p 21027 |r 2016-12-01 00:00:00 |w 2016-12-01 |y ARXIU | ||
| 999 | |c 55429 |d 55429 | ||